[Event "Lazy Baltic Pearl op-A 21st"]
[Site "Lazy"]
[Date "2025.07.07"]
[Round "8"]
[White "Pacuszka, Tomasz"]
[Black "Protas, Jakub"]
[Result "1-0"]
[WhiteElo "2064"]
[BlackElo "1919"]
[PlyCount "121"]
[EventDate "2025.06.30"]
[EventType "swiss"]
[EventRounds "9"]
[EventCountry "POL"]
[SourceTitle "CB28_2025"]
[SourceDate "2025.07.09"]
[SourceVersion "1"]
[SourceVersionDate "2025.07.09"]
[SourceQuality "1"]

1. d4 Nf6 2. c4 e6 3. Nf3 Bb4+ 4. Nbd2 b6 5. e3 Bb7 6. Bd3 0-0 7. 0-0 Bxd2 8. Nxd2 d6 9. b3 Nbd7 10. Bb2 e5 11. d5 Nc5 12. Bc2 a5 13. e4 Bc8 14. f4 Ng4 15. Qf3 Qe7 16. h3 Nh6 17. f5 f6 18. g4 Nf7 19. Bc1 Bd7 20. a4 Rfb8 21. Nb1 Kf8 22. Nc3 Ke8 23. Kf2 Kd8 24. h4 Kc8 25. Rg1 Kb7 26. Be3 h6 27. Ke2 Rh8 28. Raf1 Raf8 29. Kd2 Ka7 30. Rg2 Rh7 31. Kc1 Rg8 32. Kb2 Kb7 33. Bd2 Ka7 34. Bd1 Kb7 35. Be2 Ka7 36. Qf2 Kb7 37. Kc2 Ka7 38. Be3 Kb7 39. Bf3 Ka7 40. Qe2 Nd8 41. Rfg1 Ndb7 42. Qd2 Na6 43. Kb2 Nb4 44. Na2 Na6 45. Bd1 Qe8 46. Bc2 Nbc5 47. Ra1 Kb7 48. Qd1 Qe7 49. Bd2 Ra8 50. Qf3 Rg8 51. Rag1 Rgh8 52. Rg3 Rf8 53. Qd1 Ra8 54. Rh1 Qe8 55. g5 hxg5 56. hxg5 Qh8 57. Rgg1 Rh4 58. Qf3 Qh7 59. Rxh4 Qxh4 60. Rh1 Rh8 61. Rxh4 1-0

[Event "Lazy Baltic Pearl op-A 21st"]
[Site "Lazy"]
[Date "2025.07.05"]
[Round "6"]
[White "Darowicki, Mariusz"]
[Black "Protas, Jakub"]
[Result "1-0"]
[WhiteElo "2019"]
[BlackElo "1919"]
[PlyCount "81"]
[EventDate "2025.06.30"]
[EventType "swiss"]
[EventRounds "9"]
[EventCountry "POL"]
[SourceTitle "CB28_2025"]
[SourceDate "2025.07.09"]
[SourceVersion "1"]
[SourceVersionDate "2025.07.09"]
[SourceQuality "1"]

1. c4 Nf6 2. Nc3 e6 3. g3 c5 4. Nf3 Nc6 5. Bg2 Be7 6. 0-0 d5 7. cxd5 Nxd5 8. Nxd5 Qxd5 9. d4 Nxd4 10. Nxd4 Qxd4 11. Qc2 Bf6 12. Rb1 Qd6 13. Rd1 Qc7 14. Be3 Bd7 15. Qxc5 Qxc5 16. Bxc5 Bc6 17. Bxc6+ bxc6 18. b3 Be7 19. Rbc1 Bxc5 20. Rxc5 Rc8 21. Rd6 Ke7 22. Rdxc6 Rxc6 23. Rxc6 Kd7 24. Ra6 Ra8 25. f3 Kc7 26. Kf2 Kb7 27. Ra4 Rd8 28. Ke3 e5 29. g4 Rd7 30. h4 Kb6 31. g5 Kc6 32. Ra5 Kd6 33. Ke4 f6 34. gxf6 gxf6 35. Rd5+ Ke6 36. Rxd7 f5+ 37. Kd3 Kxd7 38. Kc4 Kc6 39. b4 e4 40. f4 e3 41. a4 1-0

[Event "Lazy Baltic Pearl op-A 21st"]
[Site "Lazy"]
[Date "2025.07.02"]
[Round "3"]
[White "Protas, Jakub"]
[Black "Krasuski, Pawel"]
[Result "1-0"]
[WhiteElo "1919"]
[BlackElo "1810"]
[PlyCount "81"]
[EventDate "2025.06.30"]
[EventType "swiss"]
[EventRounds "9"]
[EventCountry "POL"]
[SourceTitle "CB28_2025"]
[SourceDate "2025.07.09"]
[SourceVersion "1"]
[SourceVersionDate "2025.07.09"]
[SourceQuality "1"]

1. e4 c5 2. Nf3 d6 3. d4 cxd4 4. Nxd4 Nf6 5. Nc3 a6 6. g3 b5 7. Bg2 Bb7 8. 0-0 e6 9. a3 Nbd7 10. h3 Rc8 11. Kh2 Rxc3 12. bxc3 Nxe4 13. Bxe4 Bxe4 14. Re1 Bd5 15. Nxb5 Ne5 16. Nd4 Be7 17. f4 Nc4 18. Nf5 Qb6 19. Be3 Nxe3 20. Nxe3 Be4 21. Rb1 Qa7 22. Qd4 Qxd4 23. cxd4 Kd7 24. Rb6 Rc8 25. Rxa6 Bf6 26. Ra7+ Ke8 27. Ra4 Rc3 28. Rc4 Rxa3 29. d5 Bc3 30. Rd1 Bf3 31. Rd3 Ra1 32. Ng2 Bxg2 33. Kxg2 Ba5 34. dxe6 fxe6 35. Rxd6 Ke7 36. Ra6 Bc3 37. Rxa1 Bxa1 38. Rc7+ Kd6 39. Rf7 Kd5 40. Kf3 Bc3 41. Rd7+ 1-0

[Event "Wroclaw op-B"]
[Site "Wroclaw"]
[Date "2024.08.12"]
[Round "6"]
[White "Protas, Jakub"]
[Black "Khokhlov, Igor I"]
[Result "0-1"]
[WhiteElo "1730"]
[BlackElo "1855"]
[PlyCount "96"]
[EventDate "2024.08.08"]
[EventType "swiss"]
[EventRounds "9"]
[EventCountry "POL"]
[SourceTitle "EXT 2025"]
[Source "ChessBase"]
[SourceDate "2024.10.14"]
[SourceVersion "1"]
[SourceVersionDate "2024.10.14"]
[SourceQuality "1"]

1. e4 c5 2. Nf3 e6 3. b4 cxb4 4. d4 d5 5. e5 Nc6 6. a3 Nh6 7. axb4 Bxb4+ 8. c3 Be7 9. Bd3 Nf5 10. h4 h5 11. Na3 a6 12. Nc2 g6 13. Bg5 Rb8 14. Qe2 b5 15. Ne3 Na5 16. Nxf5 gxf5 17. Bxe7 Kxe7 18. Qe3 Nc4 19. Bxc4 dxc4 20. 0-0 Bb7 21. Rfb1 Qd5 22. Qg5+ Kd7 23. Kf1 Rbf8 24. Ne1 Ke8 25. Qe3 Rfg8 26. f3 Rg3 27. Nc2 Rhg8 28. Nb4 Qe4 29. fxe4 Rxe3 30. Nxa6 Bxe4 31. Rb2 Rxc3 32. Nc7+ Kd8 33. Nxb5 Rb3 34. Raa2 Rgg3 35. Nd6 Rxb2 36. Rxb2 Rb3 37. Ra2 c3 38. Nxe4 Rb1+ 39. Ke2 fxe4 40. Rc2 Rb2 41. Kd1 Kd7 42. Rxc3 Rxg2 43. Re3 Rg4 44. Rh3 Kc6 45. Ke2 Kd5 46. Ke3 Rg2 47. Kf4 Kxd4 48. Rd3+ exd3 0-1